[Event "Asia-ch (Women) Blitz"]
[Site "Al Ain"]
[Date "2025.05.10"]
[Round "8"]
[White "Kiran, Manisha Mohanty"]
[Black "Omonova, Umida"]
[Result "0-1"]
[WhiteElo "2031"]
[BlackElo "2235"]
[PlyCount "111"]
[EventDate "2025.05.10"]
[EventType "swiss (blitz)"]
[EventRounds "9"]
[EventCountry "UAE"]
[SourceTitle "CB20_2025"]
[SourceDate "2025.05.14"]
[SourceVersion "1"]
[SourceVersionDate "2025.05.14"]
[SourceQuality "1"]

1. e4 b6 2. d4 Bb7 3. Bd3 g6 4. Nf3 Bg7 5. c3 e6 6. 0-0 d6 7. Be3 Nd7 8. Nbd2 Ngf6 9. h3 0-0 10. Re1 a6 11. Qe2 Re8 12. Rad1 Qe7 13. e5 dxe5 14. dxe5 Nd5 15. Bg5 Qf8 16. c4 Nb4 17. Bb1 h6 18. Bh4 Nc6 19. Ne4 Red8 20. Bxd8 Rxd8 21. Nc3 Ndxe5 22. Nxe5 Nxe5 23. Be4 Bxe4 24. Qxe4 Rxd1 25. Rxd1 Qb4 26. Qe2 Nxc4 27. Ne4 Nxb2 28. Rd8+ Kh7 29. g3 Nc4 30. Rd7 Ne5 31. Rxc7 Qd4 32. Kh2 Kg8 33. Rc8+ Kh7 34. Rc7 Qd8 35. Rc2 f5 36. Nd2 Qd5 37. f4 Nd3 38. Nf3 Nc5 39. Rd2 Qe4 40. Qxe4 fxe4 41. Ne5 Bxe5 42. fxe5 g5 43. Rd6 Kg6 44. Rxb6 Kf5 45. Kg2 Kxe5 46. Rc6 Kd5 47. Rc7 a5 48. Ra7 a4 49. Rh7 Kd4 50. Rxh6 e3 51. Kf1 Kd3 52. Rh8 e2+ 53. Kf2 Ne4+ 54. Ke1 Ke3 55. Re8 Nc5 56. Rd8 0-1

[Event "Asia-ch (Women) Blitz"]
[Site "Al Ain"]
[Date "2025.05.10"]
[Round "5"]
[White "Mungunzul, Bat Erdene"]
[Black "Omonova, Umida"]
[Result "1-0"]
[WhiteElo "2302"]
[BlackElo "2235"]
[PlyCount "135"]
[EventDate "2025.05.10"]
[EventType "swiss (blitz)"]
[EventRounds "9"]
[EventCountry "UAE"]
[SourceTitle "CB20_2025"]
[SourceDate "2025.05.14"]
[SourceVersion "1"]
[SourceVersionDate "2025.05.14"]
[SourceQuality "1"]

1. d4 b6 2. c4 Bb7 3. Nc3 g6 4. e4 Bg7 5. Nf3 d6 6. Be2 e6 7. 0-0 Nd7 8. b3 Ngf6 9. Qc2 0-0 10. Bb2 Qe7 11. b4 a6 12. Rfd1 Rfe8 13. Bf1 e5 14. d5 Rf8 15. Na4 c6 16. c5 bxc5 17. bxc5 cxd5 18. c6 Rac8 19. exd5 Nxd5 20. Rxd5 Bxc6 21. Qd1 Bxd5 22. Qxd5 Nf6 23. Qd1 e4 24. Nd4 e3 25. f3 Nh5 26. Ne2 Bxb2 27. Nxb2 d5 28. Qd4 Rfd8 29. Nd1 Re8 30. Rb1 Ng7 31. Qxd5 Red8 32. Qe4 Qc5 33. Qxe3 Qa5 34. Ndc3 Nf5 35. Qb6 Qe5 36. Ne4 Rb8 37. Qf6 Qxf6 38. Nxf6+ Kg7 39. Rxb8 Rxb8 40. Ne4 Rb1 41. Kf2 Rb2 42. N4c3 a5 43. g4 Nd4 44. Ke3 Nc2+ 45. Ke4 Nb4 46. a4 Rd2 47. h4 Na6 48. Ke3 Rd8 49. Nd4 Nc5 50. Nc6 Re8+ 51. Kf2 Nb3 52. Bb5 Rh8 53. Ne4 h5 54. g5 Ra8 55. Nd6 Nc5 56. Nc4 Re8 57. N4xa5 Re6 58. Nd4 Rd6 59. Nab3 Nb7 60. Ke3 Kf8 61. a5 Rd8 62. a6 Nd6 63. Bc6 Nc4+ 64. Ke4 Nd6+ 65. Kf4 Nc8 66. Nb5 Rd3 67. Nc5 Rc3 68. Nxc3 1-0

[Event "Asia-ch (Women) Blitz"]
[Site "Al Ain"]
[Date "2025.05.10"]
[Round "9"]
[White "Omonova, Umida"]
[Black "Kaldarova, Ayaulym"]
[Result "0-1"]
[WhiteElo "2235"]
[BlackElo "2115"]
[PlyCount "52"]
[EventDate "2025.05.10"]
[EventType "swiss (blitz)"]
[EventRounds "9"]
[EventCountry "UAE"]
[SourceTitle "CB20_2025"]
[SourceDate "2025.05.14"]
[SourceVersion "1"]
[SourceVersionDate "2025.05.14"]
[SourceQuality "1"]

1. e4 e5 2. Nf3 Nc6 3. d4 exd4 4. Bc4 Bc5 5. Ng5 Nh6 6. Nxf7 Nxf7 7. Bxf7+ Kxf7 8. Qh5+ g6 9. Qd5+ Kg7 10. Qxc5 d6 11. Qb5 Re8 12. 0-0 Rxe4 13. Nd2 Re5 14. Qb3 Be6 15. Qxb7 Bd5 16. Qa6 Rg5 17. f3 Qe8 18. Ne4 Re5 19. Bf4 Rf5 20. Bg3 Nb4 21. Qe2 Qe6 22. a3 Bc4 23. Qd2 Bxf1 24. Qxd4+ Kg8 25. Rxf1 Nc6 26. Qc3 Qd7 0-1

[Event "Asia-ch (Women)"]
[Site "Al Ain"]
[Date "2025.05.08"]
[Round "2"]
[White "Fisabilillah, Ummi"]
[Black "Omonova, Umida"]
[Result "0-1"]
[WhiteElo "2115"]
[BlackElo "2235"]
[PlyCount "74"]
[EventDate "2025.05.07"]
[EventType "swiss"]
[EventRounds "9"]
[EventCountry "UAE"]
[SourceTitle "CB21_2025"]
[SourceDate "2025.05.21"]
[SourceVersion "1"]
[SourceVersionDate "2025.05.21"]
[SourceQuality "1"]

1. e4 c5 2. Nf3 e6 3. c3 Nf6 4. e5 Nd5 5. d4 cxd4 6. cxd4 b6 7. Nc3 Bb7 8. Bd3 Nxc3 9. bxc3 Be7 10. Qe2 Qc7 11. Bd2 d6 12. 0-0 Nd7 13. Rfe1 0-0 14. Rad1 Rac8 15. h3 dxe5 16. dxe5 Nc5 17. Bc2 Ba6 18. Qe3 Bc4 19. Ra1 Rfd8 20. Nd4 f5 21. Qg3 Kf7 22. Bb3 Bd5 23. Bg5 a6 24. Qh4 h6 25. Bxe7 Qxe7 26. Qh5+ Kg8 27. Re3 Qf7 28. Qh4 Kh7 29. f4 Ne4 30. Nf3 Qe8 31. Rd1 Bxb3 32. Rxd8 Rxd8 33. axb3 Rd1+ 34. Kh2 Qb5 35. Ng5+ Nxg5 36. fxg5 Qf1 37. gxh6 Qg1+ 0-1

[Event "UZB-ch (Women)"]
[Site "Qiziltepa"]
[Date "2025.04.23"]
[Round "3.1"]
[White "Omonova, Umida"]
[Black "Malikova, Marjona"]
[Result "1-0"]
[WhiteElo "2263"]
[BlackElo "2060"]
[PlyCount "99"]
[EventDate "2025.04.19"]
[EventType "k.o."]
[EventRounds "4"]
[EventCountry "UZB"]
[SourceTitle "CB18_2025"]
[SourceDate "2025.04.30"]
[SourceVersion "1"]
[SourceVersionDate "2025.04.30"]
[SourceQuality "1"]

1. e4 e5 2. Nf3 Nc6 3. Bc4 Nf6 4. d3 Bc5 5. 0-0 d6 6. c3 a5 7. Nbd2 0-0 8. h3 Ba7 9. Re1 Be6 10. Bb5 Ne7 11. d4 c6 12. Bf1 Ng6 13. Qc2 Qd7 14. dxe5 dxe5 15. Nc4 Qc7 16. a4 Nh5 17. Ne3 Rad8 18. g3 Kh8 19. Kh2 f6 20. Qe2 Ne7 21. Kg2 g6 22. Nc4 Qc8 23. Ng1 Qc7 24. Bh6 Rfe8 25. Rad1 Bf7 26. Qf3 Ng8 27. Be3 Bxe3 28. Qxe3 b5 29. axb5 cxb5 30. Qb6 Qxb6 31. Nxb6 b4 32. c4 Ng7 33. Ra1 Rd2 34. Re2 Rd6 35. c5 Rc6 36. Rc2 Rb8 37. Nd5 Ne6 38. Rxa5 Nd4 39. Rc4 f5 40. Rxb4 Rbc8 41. Nc3 Rxc5 42. Rxc5 Rxc5 43. Bd3 Nf6 44. Nf3 fxe4 45. Nxe4 Nxe4 46. Bxe4 Nf5 47. Rb8+ Kg7 48. b4 Rc4 49. Bxf5 gxf5 50. Rb7 1-0

[Event "UZB-ch (Women)"]
[Site "Qiziltepa"]
[Date "2025.04.22"]
[Round "2.2"]
[White "Omonova, Umida"]
[Black "Imomkuzieva, Nilufarkhon"]
[Result "1/2-1/2"]
[WhiteElo "2263"]
[BlackElo "2126"]
[PlyCount "69"]
[EventDate "2025.04.19"]
[EventType "k.o."]
[EventRounds "4"]
[EventCountry "UZB"]
[SourceTitle "CB18_2025"]
[SourceDate "2025.04.30"]
[SourceVersion "1"]
[SourceVersionDate "2025.04.30"]
[SourceQuality "1"]

1. e4 c6 2. Nf3 d5 3. d3 Nd7 4. g3 e5 5. Bg2 Ngf6 6. Nbd2 Bd6 7. 0-0 0-0 8. exd5 cxd5 9. c4 d4 10. Re1 Qc7 11. Nh4 Nc5 12. Nb3 Bg4 13. Bf3 Nxb3 14. Qxb3 Bxf3 15. Nxf3 Nd7 16. Bd2 a5 17. Qc2 Nc5 18. Rab1 f5 19. b4 axb4 20. Bxb4 Rae8 21. Bxc5 Bxc5 22. Re2 Re7 23. Nd2 Qd6 24. f3 h5 25. Kh1 g5 26. Nb3 Ba7 27. Qd2 Rg7 28. Rbe1 Qc6 29. Rxe5 Qxf3+ 30. Qg2 Qxd3 31. Qd5+ Rff7 32. Re7 Qc3 33. R1e6 Qd3 34. Re1 Qc3 35. R1e6 1/2-1/2

[Event "Almaty zt 3.4 (Women)"]
[Site "Almaty"]
[Date "2025.04.07"]
[Round "7"]
[White "Omonova, Umida"]
[Black "Mamakova, Aknur"]
[Result "1-0"]
[WhiteElo "2263"]
[BlackElo "1766"]
[PlyCount "87"]
[EventDate "2025.04.02"]
[EventType "swiss"]
[EventRounds "9"]
[EventCountry "KAZ"]
[SourceTitle "CB15_2025"]
[SourceDate "2025.04.09"]
[SourceVersion "1"]
[SourceVersionDate "2025.04.09"]
[SourceQuality "1"]

1. e4 e6 2. d4 d5 3. Nd2 c5 4. exd5 Qxd5 5. Ngf3 cxd4 6. Bc4 Qd7 7. 0-0 a6 8. Nb3 Nc6 9. Nbxd4 Nxd4 10. Nxd4 Qc7 11. Qe2 Bd6 12. h3 Ne7 13. a4 Bd7 14. c3 0-0 15. Rd1 Kh8 16. Bb3 Rad8 17. Bg5 e5 18. Nc2 Bc6 19. a5 f6 20. Be3 Nc8 21. Nb4 Bxb4 22. cxb4 Rxd1+ 23. Rxd1 Rd8 24. Bc5 Ne7 25. Be6 Ng6 26. g3 Nf8 27. Bb3 Bb5 28. Qh5 Bc6 29. Rxd8 Qxd8 30. Qf7 Ng6 31. h4 e4 32. Bd6 Ne5 33. Bxe5 fxe5 34. Qe6 Qb8 35. h5 h6 36. Qf5 Qe8 37. Bc2 Qe7 38. b5 axb5 39. Qc8+ Kh7 40. a6 Qg5 41. a7 Qc1+ 42. Kh2 Qg5 43. a8Q Qxh5+ 44. Kg1 1-0

[Event "Almaty zt 3.4 (Women)"]
[Site "Almaty"]
[Date "2025.04.04"]
[Round "3"]
[White "Omonova, Umida"]
[Black "Kamalidenova, Meruert"]
[Result "1/2-1/2"]
[WhiteElo "2263"]
[BlackElo "2342"]
[PlyCount "34"]
[EventDate "2025.04.02"]
[EventType "swiss"]
[EventRounds "9"]
[EventCountry "KAZ"]
[SourceTitle "CB15_2025"]
[SourceDate "2025.04.09"]
[SourceVersion "1"]
[SourceVersionDate "2025.04.09"]
[SourceQuality "1"]

1. e4 c5 2. Nf3 d6 3. Bb5+ Bd7 4. Bxd7+ Qxd7 5. 0-0 Nc6 6. b3 Nf6 7. Qe2 e6 8. Bb2 Be7 9. c4 0-0 10. d4 cxd4 11. Nxd4 d5 12. cxd5 exd5 13. exd5 Nxd5 14. Nxc6 Qxc6 15. Qf3 Bf6 16. Bxf6 Qxf6 17. Qxf6 Nxf6 1/2-1/2

[Event "Samarkand (Women) op 3rd"]
[Site "Samarkand"]
[Date "2025.03.11"]
[Round "3"]
[White "Girya, Olga"]
[Black "Omonova, Umida"]
[Result "1-0"]
[WhiteElo "2398"]
[BlackElo "2242"]
[PlyCount "117"]
[EventDate "2025.03.09"]
[EventType "swiss"]
[EventRounds "9"]
[EventCountry "UZB"]
[SourceTitle "CB13_2025"]
[SourceDate "2025.03.26"]
[SourceVersion "1"]
[SourceVersionDate "2025.03.26"]
[SourceQuality "1"]

1. d4 d5 2. c4 dxc4 3. Nf3 Nf6 4. e3 e6 5. Bxc4 c5 6. 0-0 Be7 7. Nc3 0-0 8. e4 cxd4 9. Nxd4 Qc7 10. Qe2 Nc6 11. Nxc6 bxc6 12. Bg5 Bb7 13. Rfd1 Rfd8 14. Bh4 h6 15. Rac1 c5 16. Bg3 Qc6 17. Bb5 Qb6 18. Bd3 Rac8 19. b3 a6 20. Bf4 Qc6 21. f3 Nd7 22. Na4 Nb6 23. Nxb6 Qxb6 24. Bc4 Rxd1+ 25. Rxd1 Rd8 26. Be3 Rxd1+ 27. Qxd1 Bf6 28. Qd7 g5 29. Bd2 Kg7 30. Kf1 Be5 31. a4 Kf6 32. h4 Qd6 33. Qxd6 Bxd6 34. hxg5+ hxg5 35. Ke2 Bf4 36. Be1 Ke7 37. Kd3 Kd7 38. Bc3 f5 39. exf5 exf5 40. Be1 Kd6 41. Bf2 Be5 42. Be3 Bf6 43. Ke2 Be7 44. Kd3 Bf6 45. Bd2 Bc8 46. Bf7 g4 47. fxg4 fxg4 48. Kc4 Bb7 49. Bf4+ Ke7 50. Bd5 Bc8 51. Kxc5 Bc3 52. b4 Bd7 53. b5 axb5 54. axb5 Be1 55. Bg5+ Kf8 56. b6 Bg3 57. Bd8 Ke8 58. Bc7 Bf2+ 59. Kc4 1-0

[Event "Wch U20 Girls 41st"]
[Site "Petrovac"]
[Date "2025.03.01"]
[Round "5"]
[White "Nurmanova, Alua"]
[Black "Omonova, Umida"]
[Result "0-1"]
[WhiteElo "2336"]
[BlackElo "2228"]
[PlyCount "94"]
[EventDate "2025.02.25"]
[EventType "swiss"]
[EventRounds "11"]
[EventCountry "MNE"]
[SourceTitle "CB11_2025"]
[SourceDate "2025.03.12"]
[SourceVersion "1"]
[SourceVersionDate "2025.03.12"]
[SourceQuality "1"]

1. e4 c5 2. Nf3 e6 3. d4 cxd4 4. Nxd4 Nf6 5. Nc3 Nc6 6. Bf4 Bb4 7. Ndb5 Nxe4 8. Qf3 d5 9. Nc7+ Kf8 10. 0-0-0 Bxc3 11. bxc3 Qe7 12. c4 Nb4 13. a3 Na2+ 14. Kb2 Nac3 15. Rd3 Na4+ 16. Ka1 Nac5 17. Re3 Qf6+ 18. Ka2 Na4 19. c3 Bd7 20. Nxa8 Naxc3+ 21. Rxc3 Nxc3+ 22. Kb3 Ne4 23. Ka2 Nc3+ 24. Kb3 Ne4 25. Ka2 Ba4 26. Bg3 Qd4 27. Qd3 Qxd3 28. Bxd3 Nxg3 29. hxg3 Ke7 30. cxd5 Rxa8 31. dxe6 Rd8 32. Bc4 Rd2+ 33. Kb1 fxe6 34. Rxh7 Kf7 35. Rh4 Bc2+ 36. Kc1 Rxf2 37. Rd4 Ke7 38. Bb5 a6 39. Rd7+ Kf6 40. Bc4 Be4 41. Rd2 Rxd2 42. Kxd2 Bxg2 43. Ke3 Ke5 44. Bb3 b5 45. Bc2 a5 46. Bd3 b4 47. axb4 axb4 0-1

[Event "Wch U20 Girls 41st"]
[Site "Petrovac"]
[Date "2025.02.28"]
[Round "4"]
[White "Omonova, Umida"]
[Black "Toncheva, Nadya"]
[Result "1-0"]
[WhiteElo "2228"]
[BlackElo "2311"]
[PlyCount "96"]
[EventDate "2025.02.25"]
[EventType "swiss"]
[EventRounds "11"]
[EventCountry "MNE"]
[SourceTitle "CB11_2025"]
[SourceDate "2025.03.12"]
[SourceVersion "1"]
[SourceVersionDate "2025.03.12"]
[SourceQuality "1"]

1. e4 c5 2. Nf3 e6 3. d4 cxd4 4. Nxd4 Nc6 5. Nc3 Qc7 6. g3 a6 7. Bg2 Nf6 8. 0-0 Be7 9. Re1 Nxd4 10. Qxd4 d6 11. e5 dxe5 12. Qxe5 Qxe5 13. Rxe5 0-0 14. Re1 Nd7 15. Be3 Bc5 16. Rad1 Ra7 17. Bf4 Bb4 18. a3 Bxc3 19. bxc3 e5 20. Bxe5 Nxe5 21. Rxe5 b5 22. Rc5 Be6 23. Be4 g6 24. f3 Kg7 25. Kf2 Re8 26. Rd6 Bc4 27. g4 Ree7 28. h4 Re8 29. Ke3 Re6 30. Rxe6 Bxe6 31. Rc6 Bc4 32. Kd4 Rd7+ 33. Ke3 Re7 34. g5 a5 35. Kf4 Rd7 36. Ke5 Rd1 37. a4 Ra1 38. axb5 Bxb5 39. Rc5 Bd7 40. Bd5 a4 41. Kd6 Be8 42. Rc8 Re1 43. Ra8 Kf8 44. c4 Re7 45. c5 Rd7+ 46. Ke5 Re7+ 47. Kd4 Rc7 48. c6 Ke7 1-0

[Event "Tashkent Al Beruniy-C 2nd"]
[Site "Tashkent"]
[Date "2025.02.09"]
[Round "7"]
[White "Omonova, Umida"]
[Black "Atabayev, Saparmyrat"]
[Result "0-1"]
[WhiteElo "2228"]
[BlackElo "2516"]
[PlyCount "98"]
[EventDate "2025.02.03"]
[EventType "tourn"]
[EventRounds "9"]
[EventCountry "UZB"]
[EventCategory "7"]
[SourceTitle "CB07_2025"]
[SourceDate "2025.02.12"]
[SourceVersion "1"]
[SourceVersionDate "2025.02.12"]
[SourceQuality "1"]

1. e4 e5 2. Nf3 Nc6 3. Bc4 Nf6 4. d3 Bc5 5. 0-0 d6 6. a4 a6 7. c3 0-0 8. Nbd2 Ba7 9. h3 Ne7 10. Re1 Ng6 11. Nf1 c6 12. Ng3 d5 13. Ba2 Bb8 14. Bg5 h6 15. Bxf6 gxf6 16. Nh5 Be6 17. exd5 cxd5 18. c4 d4 19. b4 f5 20. c5 Kh7 21. Nd2 Rg8 22. Kf1 Qg5 23. g3 Bc7 24. Bxe6 fxe6 25. Ra2 Raf8 26. a5 Ne7 27. Qf3 Nd5 28. Nb1 Kg6 29. Nf4+ exf4 30. Rxe6+ Nf6 31. g4 fxg4 32. hxg4 Kh7 33. Rae2 Rf7 34. Re7 Rfg7 35. R2e6 Qxg4 36. Nd2 Qxf3 37. Nxf3 Nd5 38. Rxg7+ Rxg7 39. Nxd4 Nxb4 40. Nf5 Rd7 41. d4 Nc6 42. Rxh6+ Kg8 43. Rg6+ Kf7 44. Rh6 Ne7 45. Rh7+ Kf6 46. Nh4 Bxa5 47. Nf3 Bc3 48. Rh6+ Kg7 49. Rb6 Bxd4 0-1

[Event "Tashkent Al Beruniy-C 2nd"]
[Site "Tashkent"]
[Date "2025.02.06"]
[Round "4"]
[White "Nikitenko, Mihail"]
[Black "Omonova, Umida"]
[Result "1-0"]
[WhiteElo "2512"]
[BlackElo "2228"]
[PlyCount "103"]
[EventDate "2025.02.03"]
[EventType "tourn"]
[EventRounds "9"]
[EventCountry "UZB"]
[EventCategory "7"]
[SourceTitle "CB07_2025"]
[SourceDate "2025.02.12"]
[SourceVersion "1"]
[SourceVersionDate "2025.02.12"]
[SourceQuality "1"]

1. d4 d5 2. Nf3 Nf6 3. c4 dxc4 4. e3 e6 5. Bxc4 c5 6. 0-0 a6 7. Nbd2 b5 8. Be2 Bb7 9. a4 b4 10. Nc4 cxd4 11. Nxd4 Be7 12. a5 Nbd7 13. Bd2 0-0 14. Rc1 Rc8 15. Qe1 Nd5 16. f3 Bf6 17. Nb3 Ne5 18. Nxe5 Bxe5 19. Nc5 Rxc5 20. Rxc5 Bxh2+ 21. Kh1 Bd6 22. Rc4 Qxa5 23. Qh4 Qa2 24. Bc1 Qb3 25. Qd4 f5 26. Bd1 Qa2 27. Qd3 Qa5 28. e4 fxe4 29. Rxe4 Qd8 30. Bc2 Rf5 31. Rd1 Rh5+ 32. Kg1 Bc6 33. Qxa6 Qc7 34. Rc4 Bh2+ 35. Kf1 Nb6 36. Rxb4 Nd5 37. Rc4 Nb6 38. Rb4 Nd5 39. Rb3 Bd6 40. Be4 Bc5 41. Bxd5 Bxd5 42. Rxd5 exd5 43. Be3 Bf8 44. Rc3 Qd7 45. Bd4 Rh4 46. Qb6 Rh6 47. Qa5 Qf5 48. Kf2 Rh4 49. Qb6 Rh6 50. Qb7 Rh2 51. Rc8 Qf4 52. Qxg7# 1-0

[Event "Tashkent Al Beruniy-C 2nd"]
[Site "Tashkent"]
[Date "2025.02.04"]
[Round "2"]
[White "Bernadskiy, Vitaliy"]
[Black "Omonova, Umida"]
[Result "1/2-1/2"]
[WhiteElo "2531"]
[BlackElo "2228"]
[PlyCount "113"]
[EventDate "2025.02.03"]
[EventType "tourn"]
[EventRounds "9"]
[EventCountry "UZB"]
[EventCategory "7"]
[SourceTitle "CB07_2025"]
[SourceDate "2025.02.12"]
[SourceVersion "1"]
[SourceVersionDate "2025.02.12"]
[SourceQuality "1"]

1. e4 c5 2. Nf3 e6 3. Nc3 Nc6 4. Bb5 Nd4 5. 0-0 a6 6. Bd3 Nc6 7. e5 d5 8. exd6 Bxd6 9. Re1 Nf6 10. Ne4 Be7 11. Nxf6+ Bxf6 12. Be4 Bd7 13. c3 0-0 14. d4 cxd4 15. cxd4 Rc8 16. Be3 b5 17. Rc1 g6 18. Bh6 Re8 19. Qd2 Na5 20. Qf4 Nc4 21. Ne5 Nxe5 22. dxe5 Rxc1 23. Rxc1 Bg7 24. Bxg7 Kxg7 25. Rd1 Qe7 26. Qf6+ Kg8 27. h4 b4 28. Rd4 a5 29. Qxe7 Rxe7 30. Rc4 Be8 31. Rc5 a4 32. Rc4 b3 33. axb3 axb3 34. Rb4 Kg7 35. Rxb3 Ra7 36. Rb8 Bd7 37. b4 Ra1+ 38. Kh2 Ra2 39. Kg3 Rb2 40. Kf3 f5 41. exf6+ Kxf6 42. Ke3 Ke5 43. Bd3 Kd6 44. g3 e5 45. b5 Rb3 46. Kd2 Rb2+ 47. Ke1 Rb3 48. Bc4 Rb4 49. Bg8 Rb1+ 50. Kd2 Rb2+ 51. Kc3 Rxf2 52. b6 Bc6 53. Bxh7 Rf3+ 54. Kb4 Rxg3 55. Rd8+ Ke7 56. Rg8 Rh3 57. Rg7+ 1/2-1/2

[Event "Tashkent Al Beruniy-C 2nd"]
[Site "Tashkent"]
[Date "2025.02.03"]
[Round "1"]
[White "Omonova, Umida"]
[Black "Sychev, Klementy"]
[Result "1/2-1/2"]
[WhiteElo "2228"]
[BlackElo "2542"]
[PlyCount "181"]
[EventDate "2025.02.03"]
[EventType "tourn"]
[EventRounds "9"]
[EventCountry "UZB"]
[EventCategory "7"]
[SourceTitle "CB07_2025"]
[SourceDate "2025.02.12"]
[SourceVersion "1"]
[SourceVersionDate "2025.02.12"]
[SourceQuality "1"]

1. e4 e6 2. d4 d5 3. Nd2 c5 4. exd5 Qxd5 5. Ngf3 cxd4 6. Bc4 Qd7 7. 0-0 Nc6 8. Nb3 a6 9. Nbxd4 Nxd4 10. Nxd4 Qc7 11. Bb3 Bd6 12. h3 Ne7 13. Re1 0-0 14. c3 Ng6 15. Be3 b5 16. Qh5 Bb7 17. Rad1 Bh2+ 18. Kh1 Bf4 19. Qg4 Bxe3 20. Rxe3 Nf4 21. Rg3 g6 22. Ne2 Nh5 23. Rgd3 Qe5 24. R1d2 Nf6 25. Qg3 Qxg3 26. Nxg3 Rfc8 27. f3 a5 28. a3 Bc6 29. Ne2 Rab8 30. Kg1 Kf8 31. Kf2 Ke7 32. Re3 Rc7 33. g4 Kf8 34. Nd4 Bd5 35. Bd1 Rb6 36. g5 Ne8 37. Be2 Nd6 38. Re5 Rcb7 39. Bf1 Kg7 40. h4 Bc4 41. Bg2 Bd5 42. Bf1 Kg8 43. Kg3 Rb8 44. Rh2 Bc4 45. Bh3 Bd5 46. Bf1 Ra8 47. Rc2 Ra7 48. Bd3 Rd7 49. h5 Ra7 50. hxg6 hxg6 51. Re1 Bc4 52. Be4 e5 53. Ne2 Kg7 54. Nc1 Re7 55. Rd2 Be6 56. Rh1 Re8 57. Nd3 Bf5 58. Rh4 Rd8 59. Kf2 Nc4 60. Rd1 Rbd6 61. Ke2 R8d7 62. a4 Bxe4 63. Rxe4 Rb6 64. axb5 Nd6 65. Rxe5 Nxb5 66. Nc5 Rc7 67. Nd7 Re6 68. Rxe6 fxe6 69. Nf6 Rc6 70. Rd7+ Kf8 71. Rd8+ Ke7 72. Ra8 Rc5 73. Ne4 Rf5 74. Ke3 Nc7 75. Ra7 Kd7 76. c4 Kc6 77. c5 Rf8 78. Rxa5 e5 79. Ra1 Rb8 80. Rh1 Rxb2 81. Rh8 Nd5+ 82. Kd3 Rb3+ 83. Kc4 Rb4+ 84. Kd3 Rb3+ 85. Kd2 Rxf3 86. Re8 Nf4 87. Rxe5 Rd3+ 88. Kc2 Re3 89. Re8 Re2+ 90. Kc3 Kd5 91. Nf6+ 1/2-1/2

[Event "Olympiad Women-45"]
[Site "Budapest"]
[Date "2024.09.18"]
[Round "7.2"]
[White "Omonova, Umida"]
[Black "Avramidou, Anastasia"]
[Result "1-0"]
[WhiteElo "2032"]
[BlackElo "2290"]
[PlyCount "99"]
[EventDate "2024.09.11"]
[EventType "team-swiss"]
[EventRounds "11"]
[EventCountry "HUN"]
[SourceTitle "EXT 2025"]
[Source "ChessBase"]
[SourceDate "2024.10.14"]
[SourceVersion "1"]
[SourceVersionDate "2024.10.14"]
[SourceQuality "1"]
[WhiteTeam "Uzbekistan (W)"]
[BlackTeam "Greece (W)"]
[WhiteTeamCountry "UZB"]
[BlackTeamCountry "GRE"]

1. e4 c6 2. d4 d5 3. Nd2 dxe4 4. Nxe4 Nf6 5. Nxf6+ exf6 6. Be3 Bd6 7. Bd3 Na6 8. a3 0-0 9. Ne2 Re8 10. Qd2 Bg4 11. 0-0 Nc7 12. c4 Bxe2 13. Qxe2 g6 14. Qd2 f5 15. f4 Bf8 16. Rad1 Bg7 17. Bc2 b5 18. cxb5 Nxb5 19. Bf2 Qd5 20. Qb4 Rab8 21. Qa4 Nd6 22. b4 Nb5 23. Bb3 Qe4 24. Qa5 Qxf4 25. d5 Be5 26. g3 Qf3 27. Bc4 Qc3 28. Rc1 Qxa3 29. dxc6 Bc7 30. Qxa3 Nxa3 31. Bd5 Rxb4 32. Rfe1 Rxe1+ 33. Rxe1 Bd6 34. Re8+ Kg7 35. Rd8 Nb5 36. Rd7 Kf6 37. Bxf7 Rb1+ 38. Kg2 Ke5 39. Be3 Kf6 40. Bc4 f4 41. gxf4 Be7 42. c7 Nxc7 43. Bd4+ Kf5 44. Rxe7 Rd1 45. Kf3 g5 46. Rf7+ Kg6 47. f5+ Kh6 48. Rf6+ Kg7 49. Rd6+ Kf8 50. Bg7+ 1-0

[Event "Olympiad Women-45"]
[Site "Budapest"]
[Date "2024.09.15"]
[Round "5.5"]
[White "Omonova, Umida"]
[Black "Batsiashvili, Nino"]
[Result "1/2-1/2"]
[WhiteElo "2032"]
[BlackElo "2461"]
[PlyCount "147"]
[EventDate "2024.09.11"]
[EventType "team-swiss"]
[EventRounds "11"]
[EventCountry "HUN"]
[SourceTitle "EXT 2025"]
[Source "ChessBase"]
[SourceDate "2024.10.14"]
[SourceVersion "1"]
[SourceVersionDate "2024.10.14"]
[SourceQuality "1"]
[WhiteTeam "Uzbekistan (W)"]
[BlackTeam "Georgia (W)"]
[WhiteTeamCountry "UZB"]
[BlackTeamCountry "GEO"]

1. e4 e5 2. Nf3 Nc6 3. Bc4 Nf6 4. d3 Bc5 5. 0-0 d6 6. c3 0-0 7. Nbd2 a5 8. h3 Ba7 9. Re1 Be6 10. Bb5 Ne7 11. Nf1 c6 12. Ba4 Ng6 13. Ng3 h6 14. Bc2 Qd7 15. d4 b5 16. Be3 Rfd8 17. Qd2 a4 18. a3 Qe8 19. Rad1 Qf8 20. Qc1 Rac8 21. Nf5 Bb8 22. Re2 Bc4 23. Red2 d5 24. Nxe5 Nxe5 25. dxe5 Bxe5 26. f4 Bc7 27. e5 Nd7 28. Re1 Re8 29. Qd1 c5 30. Nxh6+ gxh6 31. Qg4+ Qg7 32. Qxd7 Red8 33. Qe7 Bb6 34. Bf2 d4 35. Bf5 Bd5 36. g4 Rb8 37. cxd4 Ba5 38. Red1 Bxd2 39. Rxd2 c4 40. Bh4 b4 41. axb4 Qf8 42. Rc2 Qxe7 43. Bxe7 Re8 44. Bc5 Rb7 45. Rc3 Reb8 46. Bc2 Rxb4 47. Bxb4 Rxb4 48. f5 Rxb2 49. Bxa4 Rd2 50. Bb5 Rxd4 51. Kf2 Re4 52. Re3 Rxe3 53. Kxe3 Bg2 54. Bxc4 Bxh3 55. Kf3 h5 56. gxh5 Bxf5 57. Kf4 Bc2 58. Kg5 Bd1 59. h6 Ba4 60. Kf6 Kh7 61. Bxf7 Kxh6 62. e6 Bb5 63. e7 Ba4 64. Bc4 Be8 65. Bd5 Ba4 66. Kf7 Kg5 67. Kg7 Bb5 68. Bf7 Ba4 69. Kf8 Kf6 70. Be8 Bc2 71. Bb5 Bg6 72. Bd3 Bh5 73. e8R Bxe8 74. Kxe8 1/2-1/2

[Event "Olympiad Women-45"]
[Site "Budapest"]
[Date "2024.09.11"]
[Round "1.34"]
[White "Omonova, Umida"]
[Black "Jonet, Davena"]
[Result "1-0"]
[WhiteElo "2032"]
[BlackElo "1659"]
[PlyCount "57"]
[EventDate "2024.09.11"]
[EventType "team-swiss"]
[EventRounds "11"]
[EventCountry "HUN"]
[SourceTitle "EXT 2025"]
[Source "ChessBase"]
[SourceDate "2024.10.14"]
[SourceVersion "1"]
[SourceVersionDate "2024.10.14"]
[SourceQuality "1"]
[WhiteTeam "Uzbekistan (W)"]
[BlackTeam "Haiti (W)"]
[WhiteTeamCountry "UZB"]
[BlackTeamCountry "HAI"]

1. e4 e5 2. Nf3 Nc6 3. Bc4 Nf6 4. d3 d5 5. exd5 Nxd5 6. 0-0 Be7 7. Re1 f6 8. a4 Bg4 9. Nbd2 Nb6 10. Bb5 Qd6 11. h3 Bd7 12. Ne4 Qe6 13. a5 Nc8 14. Bc4 Qxc4 15. dxc4 Be6 16. b3 0-0 17. Ba3 Rd8 18. Qe2 f5 19. Bxe7 N8xe7 20. Nc5 Bf7 21. Nxe5 Nxe5 22. Qxe5 Ng6 23. Qxf5 b6 24. axb6 cxb6 25. Ne6 Bxe6 26. Qxe6+ Kh8 27. Rad1 Rf8 28. Rd7 h6 29. Qxg6 1-0

[Event "Wch U20 Girls Rapid"]
[Site "Tashkent"]
[Date "2024.08.03"]
[Round "4"]
[White "Allahverdiyeva, Ayan"]
[Black "Omonova, Umida"]
[Result "1-0"]
[WhiteElo "2174"]
[BlackElo "2032"]
[PlyCount "65"]
[EventDate "2024.08.02"]
[EventType "swiss (rapid)"]
[EventRounds "9"]
[EventCountry "UZB"]
[SourceTitle "CBM 221 Extra"]
[Source "ChessBase"]
[SourceDate "2024.09.30"]
[SourceVersion "1"]
[SourceVersionDate "2024.09.30"]
[SourceQuality "1"]

1. e4 c5 2. Nf3 Nc6 3. Bb5 g6 4. Bxc6 dxc6 5. d3 Bg7 6. h3 Nf6 7. Nc3 Nd7 8. Be3 e5 9. Qd2 h5 10. 0-0 Qe7 11. Nh2 Nf8 12. f4 exf4 13. Bxf4 Ne6 14. Be3 Bd7 15. Qf2 0-0 16. Rae1 Rae8 17. Nf3 b6 18. e5 f5 19. exf6 Qxf6 20. Qg3 Nd8 21. Ne4 Qxb2 22. Qxg6 Bf5 23. Qxh5 Bxe4 24. dxe4 Ne6 25. Nh4 Qxc2 26. Rxf8+ Rxf8 27. Nf5 Rf7 28. Qg6 Rf6 29. Qe8+ Kh7 30. Ne7 Bf8 31. Qh5+ Kg7 32. e5 Rf7 33. Qh6# 1-0